000 00619nam a22002417a 4500
003 UA-OsUOA
001 66718
007 ta
008 20100125b un ||||| |||| 00| 0 ukr d
100 _aУльянич Н. В.
090 _a82-94
_bУ51
942 _cBK
040 _aUA-OsUOA
_brus
_cUA-OsUOA
_dUA-OsUOA
245 _aЖизнь прожить - не поле перейти
300 _a320 с.
955 _a2
041 _arus
080 _a82-94
020 _a966-556-517-6
260 _aК.
_c2003
650 7 _a82 Література. Літературознавство
_2UDC
999 _c352769
_d352769